Bratislava Downtown - polyfunkčný objekt na nároží Košickej a Prístavnej ulice

Na minha lista:
Detalhes bibliográficos
Autor principal: Soviarová, Nicolette (Author)
Outros Autores: Hajtmanek, Roman (Thesis advisor)
Formato: Manuscrito Livro
Idioma:eslovaco
Publicado em: 2024
Assuntos:
Acesso em linha:http://is.stuba.sk/zp/portal_zp.pl?podrobnosti=172535
Tags: Adicionar Tag
Sem tags, seja o primeiro a adicionar uma tag!

MARC

LEADER 00000ntm a22000003a 4500
001 stuzp94003
003 SK-STU
005 20240608210413.9
007 ta
008 150427s2015----xo-----f-mn---000-0-slo-d
040 |a STU  |b slo 
041 0 |a slo 
100 1 |a Soviarová, Nicolette  |u 052120  |4 aut  |U FAD Fakulta architektúry a dizajnu  |T FAD Ústav ekologickej a experimentálnej architektúry  |X 93623  |U A2120  |Y 393  |7 93623 
242 0 1 |a Bratislava Downtown - multiuse building on the Košicka and Prístavná street crossing  |y eng 
245 1 0 |a Bratislava Downtown - polyfunkčný objekt na nároží Košickej a Prístavnej ulice 
260 |c 2024 
650 4 |a Zimný prístav  |2 slo 
650 4 |a fluidita  |2 slo 
650 4 |a terminá  |2 slo 
650 4 |a Fluidity  |2 eng 
650 4 |a Winter port  |2 eng 
650 4 |a Terminal  |2 eng 
700 1 |a Hajtmanek, Roman  |u 052120  |k Z1  |4 ths  |U FAD Fakulta architektúry a dizajnu  |T FAD Ústav ekologickej a experimentálnej architektúry  |X 43313  |U A2120  |Y 393  |7 A000043313 
856 4 |u http://is.stuba.sk/zp/portal_zp.pl?podrobnosti=172535